Associated British Ports v CH Bailey plc (Record no. 24233)

MARC details
000 -LEADER
fixed length control field 01181cab a2200181 4500
001 - CONTROL NUMBER
control field ABS42544
008 - FIXED-LENGTH DATA ELEMENTS--GENERAL INFORMATION
fixed length control field 090401t1990 xxu||||| |||| 00| 0 eng d
035 ## - SYSTEM CONTROL NUMBER
System control number (Sirsi) u37526
041 ## - LANGUAGE CODE
Language code of text/sound track or separate title eng
245 ## - TITLE STATEMENT
Title Associated British Ports v CH Bailey plc
260 ## - PUBLICATION, DISTRIBUTION, ETC.
Date of publication, distribution, etc. 1990
350 ## - PRICE (NR) (BK AM CF MU VM SE) [OBSOLETE]
Price 0
490 ## - SERIES STATEMENT
Series statement Weekly Law Reports
Volume/sequential designation 1990 WLR 812-822(11)
520 ## - SUMMARY, ETC.
Summary, etc. HL 22 March 1990. The tenants (B) of a dry dock had covenanted to keep premises, fixtures and machinery in good repair and condition but as demand for ship repairing dropped the premises fell into disrepair . The landlords (A) served a notice under Law of Property Act 1925 s146 with a schedule of dilapidations . The tenants served a counternotice claiming the benefit of Leasehold Property (Repairs) Act 1938 s1(3) and (5) whereby the landlord must prove his entitlement to remedy the breach of a repairing covenant . B argued that the machinery was bound to be obsolete anyway by the end of the lease and that the demanded payment for repairs was out of proportion to the loss in value to the reversion. Appeal allowed.
690 ## - LOCAL SUBJECT ADDED ENTRY--TOPICAL TERM (OCLC, RLIN)
Topical term or geographic name as entry element LANDLORD AND TENANT-CASE LAW-BUSINESS TENANCIES
942 ## - ADDED ENTRY ELEMENTS (KOHA)
Suppress in OPAC 0
948 ## - LOCAL PROCESSING INFORMATION (OCLC); SERIES PART DESIGNATOR (RLIN)
c (OCLC) 04/03/1997
Holdings
Withdrawn status Lost status Source of classification or shelving scheme Damaged status Not for loan Home library Current library Shelving location Date acquired Total Checkouts Full call number Barcode Date last seen Copy number Price effective from Koha item type
    Dewey Decimal Classification     London London Journal article 14/09/1999   ABS42544 37526-1001 06/08/2019 1 06/08/2019 Law report